| 000 | 01214nam a2200313Ia 4500 | ||
|---|---|---|---|
| 001 | ebr10411808 | ||
| 003 | CaPaEBR | ||
| 006 | m u | ||
| 007 | cr cn||||||||| | ||
| 008 | 100316s2010 sz a ss i000 0 eng d | ||
| 020 | _z9789241547918 | ||
| 020 | _z924154791X | ||
| 040 |
_aCaPaEBR _cCaPaEBR |
||
| 035 | _a(OCoLC)704418553 | ||
| 050 | 1 | 4 |
_aQR201.M3 _bB372 2010eb |
| 245 | 0 | 0 |
_aBasic malaria microscopy. _nVolume 2, _pTutor's guide _h[electronic resource] / _cWorld Health Organization. |
| 250 | _a2nd ed. | ||
| 260 |
_aGeneva : _bWHO, _c2010. |
||
| 300 |
_aiii, 50 p. : _bill. (some col.) |
||
| 500 | _aIncludes questionnaire for evaluation of training. | ||
| 533 |
_aElectronic reproduction. _bPalo Alto, Calif. : _cebrary, _d2013. _nAvailable via World Wide Web. _nAccess may be limited to ebrary affiliated libraries. |
||
| 650 | 0 | _aMedical microscopy. | |
| 650 | 0 |
_aMalaria _xDiagnosis _vLaboratory manuals. |
|
| 650 | 0 |
_aMalaria _xPrevention. |
|
| 655 | 7 |
_aElectronic books. _2local |
|
| 710 | 2 | _aWorld Health Organization. | |
| 710 | 2 | _aebrary, Inc. | |
| 856 | 4 | 0 |
_uhttp://site.ebrary.com/lib/rucke/Doc?id=10411808 _zAn electronic book accessible through the World Wide Web; click to view |
| 999 |
_c181978 _d181978 |
||